000 00795nam a2200289Ia 4500
005 20260324120200.0
008 008 260324s9999 xx 000 0 eng d
020 _a9780429226441
037 _aEBOOK
040 _aCRL
040 _beng
040 _cCRL
041 _2eng
041 _aeng
084 _qCRL
100 _aLipo Wang; Liangshan Shao; Yi Wan; Jinguang Sun
_91157560
245 0 _aInformation Technology
245 0 _bProceedings of the 2014 International Symposium on Information Technology (ISIT 2014), Dalian, China, 14-16 October 2014
260 _bTaylor and Francis
260 _c2015
365 _a
365 _b400
856 _uhttp://www.taylorfrancis.com/books/9780429226441
942 _cEBOOK
999 _c1748939
_d1748939